000 00562nam a2200217Ia 4500
003 OSt
005 20220923211732.0
006 a|||||r|||| 00| 0
007 ta
008 Pun
024 _a43,843
037 _cTextual
040 _aARTS
_cARTS
_bPun
041 _2Pun
_aPun
082 _aO153,3NNAx, K3
245 0 _aਨਵਤੇਜ ਸਿੰਘ ਦੀਆਂ ਚੋਣਵੀਆਂ ਕਹਾਣੀਆਂ
260 _c1963
650 _aਪੰਜਾਬੀ ਸਾਹਿਤ
942 _hO153,3NNAx, K3
_cTEXL
_2CC
999 _c303006
_d303006